00383pab a2200145 454500008004000000100001600040245005900056260000900115300001400124362000800138650001600146650002100162700002000183773003400203180718b2003 xxu||||| |||| 00| 0 eng d aDavis, Rosa aCounselling for sexual incompatibility and dysfunction c2003 ap.167-83. aApr aCounselling aSexual behaviour aWhitlaker, Ruth aIndian Journal of Social Work